[Event "Titled Tuesday intern op 2nd April"]
[Site "Chess.com INT"]
[Date "2019.04.02"]
[Round "9"]
[White "Costa, Paulo Cesar"]
[Black "Gonzaga Garcia, Gabriel"]
[Result "1/2-1/2"]
[WhiteElo "1974"]
[BlackElo "2347"]
[PlyCount "97"]
[EventDate "2019.04.02"]
[EventType "swiss (blitz)"]
[EventRounds "10"]
[EventCountry "USA"]
[SourceTitle "EXT 2021"]
[Source "ChessBase"]
[SourceDate "2020.10.23"]
[SourceVersion "1"]
[SourceVersionDate "2020.10.23"]
[SourceQuality "1"]

1. Nf3 Nf6 2. c4 g6 3. b3 Bg7 4. Bb2 0-0 5. g3 d5 6. cxd5 Nxd5 7. Bxg7 Kxg7 8. Bg2 c6 9. 0-0 Qd6 10. Nc3 Nxc3 11. dxc3 Bg4 12. Qxd6 exd6 13. Rad1 d5 14. h3 Bxf3 15. Bxf3 Na6 16. Rd4 Nc5 17. Rfd1 Rfe8 18. c4 dxc4 19. Rxc4 Re5 20. e3 Rae8 21. Kg2 a5 22. Rdc1 Ne6 23. Bg4 f5 24. Bf3 Rd8 25. Rd1 Rxd1 26. Bxd1 Rd5 27. Bf3 Rd6 28. Ra4 b6 29. Rc4 c5 30. Rc2 Kf6 31. h4 Nc7 32. Kf1 Ke5 33. Ke2 Nb5 34. a4 Nc7 35. Rd2 Rxd2+ 36. Kxd2 h6 37. Kd3 g5 38. hxg5 hxg5 39. Bc6 Kd6 40. Bg2 Nd5 41. Bh1 Nf6 42. Bf3 Nd7 43. Bg2 Ne5+ 44. Kc3 Ng4 45. Bh3 Nh6 46. f3 Kd5 47. Kd3 Ke5 48. f4+ gxf4 49. gxf4+ 1/2-1/2

[Event "Titled Tuesday intern op 2nd April"]
[Site "Chess.com INT"]
[Date "2019.04.02"]
[Round "5"]
[White "Gonzaga Garcia, Gabriel"]
[Black "David, Alexandru Vasile"]
[Result "0-1"]
[WhiteElo "2351"]
[BlackElo "2422"]
[PlyCount "94"]
[EventDate "2019.04.02"]
[EventType "swiss (blitz)"]
[EventRounds "10"]
[EventCountry "USA"]
[SourceTitle "EXT 2021"]
[Source "ChessBase"]
[SourceDate "2020.10.23"]
[SourceVersion "1"]
[SourceVersionDate "2020.10.23"]
[SourceQuality "1"]

1. e4 d5 2. Nc3 Nf6 3. e5 Nfd7 4. d4 e6 5. Nf3 c5 6. dxc5 Nc6 7. Bf4 Nxc5 8. Bd3 a6 9. 0-0 Be7 10. Bg3 b5 11. Re1 Bb7 12. Ne2 g5 13. Ned4 h5 14. Nxc6 Bxc6 15. Nd4 Qb6 16. h3 Bd7 17. c3 0-0-0 18. b3 Rdg8 19. a4 h4 20. Bh2 g4 21. hxg4 h3 22. axb5 hxg2 23. b4 Nxd3 24. Qxd3 axb5 25. Ra8+ Kb7 26. Rxg8 Rxg8 27. f3 Rc8 28. Kxg2 Rc4 29. Bg1 Qa6 30. Nb3 Qa2+ 31. Nd2 Qb2 32. Bd4 Bxb4 33. Rb1 Rxc3 34. Qe2 Qa3 35. Bxc3 Qxc3 36. Rb3 Qxd2 37. Qxd2 Bxd2 38. f4 b4 39. Kf3 d4 40. Ke4 Bc3 41. f5 Ba4 42. fxe6 Bxb3 43. e7 Ba4 44. g5 Be8 45. Kf5 d3 46. e6 fxe6+ 47. Kxe6 d2 0-1

[Event "Titled Tuesday intern op 2nd April"]
[Site "Chess.com INT"]
[Date "2019.04.02"]
[Round "8"]
[White "Gonzaga Garcia, Gabriel"]
[Black "Toncheva, Nadya"]
[Result "1-0"]
[WhiteElo "2353"]
[BlackElo "2117"]
[PlyCount "81"]
[EventDate "2019.04.02"]
[EventType "swiss (blitz)"]
[EventRounds "10"]
[EventCountry "USA"]
[SourceTitle "EXT 2021"]
[Source "ChessBase"]
[SourceDate "2020.10.23"]
[SourceVersion "1"]
[SourceVersionDate "2020.10.23"]
[SourceQuality "1"]

1. e4 d6 2. d4 Nf6 3. Nc3 Nbd7 4. Be2 e5 5. dxe5 dxe5 6. Bg5 Be7 7. Nf3 c6 8. 0-0 Qc7 9. Re1 b5 10. a3 h6 11. Bxf6 Nxf6 12. Bd3 Bg4 13. Qe2 Nh5 14. Qe3 Nf4 15. Ne2 Bxf3 16. Nxf4 Bg4 17. Qg3 h5 18. Ne2 Bd6 19. h3 Bxe2 20. Rxe2 f6 21. c3 Bc5 22. a4 h4 23. Qg6+ Qf7 24. Qxf7+ Kxf7 25. axb5 cxb5 26. Bxb5 Rab8 27. Bc4+ Ke7 28. b4 Bb6 29. Bd5 Rhc8 30. c4 Bd4 31. Ra4 Rc7 32. Rea2 g5 33. c5 Bc3 34. Rxa7 Kd8 35. Rxc7 Kxc7 36. Ra7+ Kd8 37. c6 Rxb4 38. c7+ Kd7 39. Be6+ Kxe6 40. c8Q+ Kd6 41. Rd7+ 1-0

[Event "Titled Tuesday intern op 2nd April"]
[Site "Chess.com INT"]
[Date "2019.04.02"]
[Round "1"]
[White "Lugovskoy, Maxim"]
[Black "Gonzaga Garcia, Gabriel"]
[Result "1-0"]
[WhiteElo "2445"]
[BlackElo "2352"]
[PlyCount "71"]
[EventDate "2019.04.02"]
[EventType "swiss (blitz)"]
[EventRounds "10"]
[EventCountry "USA"]
[SourceTitle "EXT 2021"]
[Source "ChessBase"]
[SourceDate "2020.10.23"]
[SourceVersion "1"]
[SourceVersionDate "2020.10.23"]
[SourceQuality "1"]

1. e4 c6 2. d4 d5 3. Nc3 dxe4 4. Nxe4 Nf6 5. Ng3 e5 6. Nf3 exd4 7. Bc4 Bb4+ 8. Bd2 Qe7+ 9. Ne2 0-0 10. 0-0 Bxd2 11. Qxd2 c5 12. Rfe1 Qc7 13. c3 dxc3 14. Nxc3 a6 15. a4 Nc6 16. Rad1 Bg4 17. Qg5 Bxf3 18. gxf3 Nd4 19. Qg2 Qf4 20. Rd3 Rfe8 21. Red1 Rad8 22. Kh1 h6 23. Rg1 g5 24. Qh3 Nf5 25. Nd5 Nxd5 26. Bxd5 Nh4 27. Rgd1 Rd6 28. Qg3 Red8 29. Qxf4 gxf4 30. Bxf7+ Kxf7 31. Rxd6 Rxd6 32. Rxd6 Nxf3 33. Rd7+ Ke6 34. Rxb7 Nd2 35. Rb6+ Kd5 36. Rxa6 1-0

[Event "Titled Tuesday intern op 2nd April"]
[Site "Chess.com INT"]
[Date "2019.04.02"]
[Round "6"]
[White "Mogranzini, Roberto"]
[Black "Gonzaga Garcia, Gabriel"]
[Result "1-0"]
[WhiteElo "2449"]
[BlackElo "2345"]
[PlyCount "103"]
[EventDate "2019.04.02"]
[EventType "swiss (blitz)"]
[EventRounds "10"]
[EventCountry "USA"]
[SourceTitle "EXT 2021"]
[Source "ChessBase"]
[SourceDate "2020.10.23"]
[SourceVersion "1"]
[SourceVersionDate "2020.10.23"]
[SourceQuality "1"]

1. e4 c6 2. d3 d5 3. Nf3 dxe4 4. Ng5 Nf6 5. Nc3 Bf5 6. Ngxe4 Nxe4 7. dxe4 Qxd1+ 8. Kxd1 Bg6 9. f3 Nd7 10. Be3 e5 11. a3 Bc5 12. Ke2 0-0-0 13. Rd1 Bxe3 14. Kxe3 Nc5 15. Bc4 Kc7 16. b4 Nd7 17. Bb3 a6 18. Na4 b6 19. Nb2 b5 20. Nd3 a5 21. Rd2 axb4 22. axb4 Ra8 23. Rhd1 Rhd8 24. g3 h6 25. f4 exf4+ 26. gxf4 Re8 27. e5 f6 28. e6 Nf8 29. Nc5 Bf5 30. Rd7+ Nxd7 31. Rxd7+ Kc8 32. Rxg7 Ra3 33. Kd2 Rxb3 34. cxb3 Bxe6 35. Rg6 Bd5 36. Rxf6 h5 37. Rh6 Bf3 38. f5 Re2+ 39. Kd3 Rxh2 40. f6 Bd5 41. Kd4 Rf2 42. Ke5 h4 43. Rxh4 Re2+ 44. Kd6 Kb8 45. Rh8+ Ka7 46. Rh7+ Ka8 47. Kc7 Ka7 48. Kd6+ Ka8 49. Nd7 Re6+ 50. Kc7 Ka7 51. f7 Re7 52. f8Q 1-0

[Event "Titled Tuesday intern op 1st Jan"]
[Site "Chess.com INT"]
[Date "2019.01.01"]
[Round "2"]
[White "Colijn, Stefan"]
[Black "Gonzaga Garcia, Gabriel"]
[Result "1/2-1/2"]
[WhiteElo "2318"]
[BlackElo "2423"]
[PlyCount "132"]
[EventDate "2019.01.01"]
[EventType "swiss (blitz)"]
[EventRounds "10"]
[EventCountry "USA"]
[SourceTitle "EXT 2021"]
[Source "ChessBase"]
[SourceDate "2020.10.23"]
[SourceVersion "1"]
[SourceVersionDate "2020.10.23"]
[SourceQuality "1"]

1. d4 Nf6 2. Bg5 d5 3. Bxf6 gxf6 4. c4 dxc4 5. e3 c5 6. Bxc4 cxd4 7. exd4 Rg8 8. Qh5 e6 9. Ne2 Rxg2 10. Nbc3 Qc7 11. Bb3 Na6 12. 0-0-0 Bd7 13. Qf3 Rg6 14. Kb1 0-0-0 15. Nf4 Rh6 16. d5 Nc5 17. Ne4 Nxb3 18. axb3 exd5 19. Nxd5 Qe5 20. Rhe1 Bf5 21. Ka1 Rxd5 22. Nd6+ Qxd6 23. Re8+ Kd7 24. Rxd5 Kxe8 25. Rxd6 Bxd6 26. Qxf5 Rxh2 27. Qc8+ Ke7 28. Qxb7+ Ke6 29. Qe4+ Be5 30. f4 h5 31. fxe5 fxe5 32. Qc6+ Kf5 33. Qd7+ Kf6 34. Qd6+ Kf5 35. Qd7+ Kf6 36. Qd8+ Kf5 37. Qc8+ Kf4 38. Qc4+ Kg5 39. Qxf7 h4 40. Qe7+ Kg4 41. Qxe5 Rg2 42. Qe4+ Kg3 43. Qe3+ Kg4 44. Qe6+ Kg3 45. Qe5+ Kg4 46. Qe6+ Kg3 47. Qg6+ Kh2 48. Qd6+ Rg3 49. Qd2+ Rg2 50. Qf4+ Kh3 51. b4 Rg4 52. Qf3+ Rg3 53. Qf2 Rg2 54. Qxa7 Kg4 55. Qg7+ Kf3 56. Qf6+ Kg3 57. Qg5+ Kh3 58. Qf5+ Kg3 59. Qd3+ Kg4 60. Qe4+ Kg3 61. Qg6+ Kh3 62. Qe6+ Kg3 63. Qe5+ Kg4 64. Qe4+ Kg3 65. Qe3+ Kg4 66. Qe4+ Kg3 1/2-1/2